Romeo y Julieta (Record no. 80709)

MARC details
000 -LEADER
campo de control de longitud fija 00802nam a2200205 i 4500
001 - NÚMERO DE CONTROL
campo de control 80709
003 - IDENTIFICADOR DE NÚMERO DE CONTROL
campo de control ES-MaACL
005 - FECHA Y HORA DE LA ÚLTIMA TRANSACCIÓN
campo de control 20250720063047.0
007 - CAMPO FIJO DE DESCRIPCIÓN FÍSICA--INFORMACIÓN GENERAL
campo de control de longitud fija t|
008 - DATOS DE LONGITUD FIJA--INFORMACIÓN GENERAL
campo de control de longitud fija 041029s1939 po ||||1| spa d
100 1# - ENTRADA PRINCIPAL--NOMBRE DE PERSONA
Nombre de persona Hostos, Eugenio María de,
Fechas asociadas al nombre 1839-1903
9 (RLIN) 64302
245 10 - MENCIÓN DEL TÍTULO
Título Romeo y Julieta
Resto del título : ensayo /
Mención de responsabilidad, etc. por Eugenio María de Hostos ; edición y notas de Manuel Negrón Nogueras; con un prólogo de Lidio Cruz Monclova ; y un apéndice de Carlos Arturo Torres.
260 ## - PUBLICACIÓN, DISTRIBUCIÓN, ETC.
Lugar de publicación, distribución, etc. [S.l. :
Nombre del editor, distribuidor, etc. s.n.,
Fecha de publicación, distribución, etc. 1933] (
Lugar de fabricación/manufactura San Juan de Puerto Rico :
Fabricante Imp. Venezuela)
300 ## - DESCRIPCIÓN FÍSICA
Extensión 86 p. ;
Dimensiones 20 cm.
700 1# - ENTRADA AGREGADA--NOMBRE PERSONAL
Nombre de persona Negrón Nogueras, Manuel.
9 (RLIN) 85321
700 1# - ENTRADA AGREGADA--NOMBRE PERSONAL
Nombre de persona Cruz Monclova, Lidio.
9 (RLIN) 41837
700 1# - ENTRADA AGREGADA--NOMBRE PERSONAL
Nombre de persona Torres, Carlos Arturo.
9 (RLIN) 110882
852 ## - LOCALIZACIÓN
Ubicación ES-MaACL
Número de control de estantería F-15303
Sublocalización o colección R.19052
Holdings
Estatus retirado Estado de pérdida Estado de daño No para préstamo Biblioteca de origen Biblioteca actual Ubicación en estantería Fecha de adquisición Fuente de adquisición Total de préstamos Signatura topográfica completa Código de barras Visto por última vez Precio de reemplazo Tipo de ítem Koha
        Biblioteca del Ateneo de Madrid Biblioteca del Ateneo de Madrid Sala Pecera Planta 2 17/01/2008     F-15303 1084383 23/02/2023 23/02/2023 Libro impreso